Delenie moci medzi členskými krajinami Európskej únie na summite v Nice

Bibliographic Details
Main Author: Stavrovská, Ivana (Author)
Format: Article
Language:Slovak
PhysicalDescription:Fotogr.
ISSN:1335-4701
Subjects:

MARC

LEADER 00000nab a2200000 a 4500
001 vtls000742713
003 SK-MaSNL
005 20260304035539.0
008 140228c2000 xo 0 slo
015 |a SNBRB2001/01-01846 
035 |a CLN000094551 
040 |a SNKBUCL  |b slo  |c SNKBUCL  |e AACR2 
041 0 |a slo 
044 |a xo  |c SK 
080 |a 327.39(4)  |2 1997 
080 |a 339.923(4)  |2 1997 
100 1 |a Stavrovská, Ivana  |4 aut  |9 840629 
245 1 0 |a Delenie moci medzi členskými krajinami Európskej únie na summite v Nice  |c Ivana Stavrovská 
300 |b Fotogr. 
610 2 7 |a Európska únia  |2 SNKKA  |9 29861 
648 7 |a 7.-11.12.2000  |2 SNK  |9 1312279 
648 7 |a 2000  |2 SNK  |9 295137 
650 0 7 |a summity  |2 SNKPH  |9 81437 
655 7 |a články z novín a časopisov  |2 snkbucl  |9 267496 
773 0 |t Hospodárske noviny  |g Roč. 8, č. 238 (13.12.2000), s. 10  |x 1335-4701 
850 |a Slovenská národná knižnica v Martine 
852 |a SNK  |b KIS3GCP 
992 |a RBX 
999 |c 2658730  |d 2660660